| 000 | 00919nam a22002657a 4500 | ||
|---|---|---|---|
| 999 |
_c7853 _d7853 |
||
| 003 | AR-CdUCM | ||
| 008 | 190321b ||||| |||| 00| 0 spa d | ||
| 040 |
_aMUNICIPALIDAD PROVINCIAL DEL CUSCO _cBIBLIOTECA MUNICIPAL DEL CUSCO |
||
| 041 | _hger | ||
| 082 |
_a544 / _bH66 |
||
| 100 |
_aHofmann, Helmut _922206 |
||
| 245 | _aAnálisis cualitativo / | ||
| 260 |
_aMéxico D. F. : _bUTEHA, _c1963. |
||
| 300 |
_aIX, 350 páginas ; _bcuadros, _c17 cm. |
||
| 440 |
_aManuales Uteha. _n173/a-b-c _922207 |
||
| 440 |
_aSección Química. _n3 _922208 |
||
| 505 | _aContenido: Cationes -- Aniones -- Marcha sistemática del análisis cualitativo. | ||
| 650 |
_aQuímica analítica cualitativa _922209 |
||
| 650 |
_aQuímica inorgánica. _922210 |
||
| 650 |
_aElementos químicos _93282 |
||
| 700 |
_aJander, Gerhart (coautor) _922211 |
||
| 700 |
_aCirera, Pablo (traducción) _922212 |
||
| 942 |
_2ddc _cLIBROS |
||
| 945 | _aachl | ||